| 000 | 00525nam a2200181 a 4500 | ||
|---|---|---|---|
| 005 | 20140414093840.0 | ||
| 008 | 070817s19uu xx 00 eng d | ||
| 050 |
_aDVD 790 _bGLA 2000 |
||
| 245 | _aGladiator /. | ||
| 260 |
_aU.S.A : _bUniversal Pictures, _cc2000. |
||
| 300 | _a1 DVD | ||
| 500 | _aCast: Crowe, Russell | ||
| 520 | _aThe general who became a slave. The slave who became a gladiator. The gladiator who defied an empire. | ||
| 650 | _aGladiators. | ||
| 650 | _aFilm. | ||
| 942 | _cAVM | ||
| 999 |
_c109217 _d109217 |
||